| 000 | 00492nam a22001457a 4500 | ||
|---|---|---|---|
| 082 |
_a624.1 _bMIT _cL-14,P-93 |
||
| 100 |
_aRamond Moxley _942364 |
||
| 245 |
_aMitchell's Elementary Building Construction _cMoxley Ramond |
||
| 250 | _a23rd ed, | ||
| 260 |
_aPrinted in Great Britain by Jarrold and Sons Ltd,Norwich _bB.T Batsford Ltd, _cB.T Batsford Ltd, 1959 |
||
| 300 |
_aviii.392p.: _bill.; _c24cm. |
||
| 526 |
_a0 _b0 _c0 _d624_100000000000000_MIT |
||
| 650 |
_aMCE _9379 |
||
| 942 |
_2ddc _cBK |
||
| 999 |
_c546264 _d546264 |
||